Statistiques concernant Personnalités communistes

Cliquez ici pour prendre le quiz!

Statistiques générales

  • Ce quiz a été pris 301 fois
  • Le résultat moyen est 7 sur 10

Statistiques - réponses

Réponse% Correct
Vladimir Ilitch Lénine
95%
Karl Marx
94%
Che Guevara
92%
Mao Zedong
91%
Fidel Castro
89%
Léon Trotsky
74%
Thomas Sankara
58%
Hô Chi Minh
56%
Friedrich Engels
45%
Rosa Luxemburg
31%

Distribution des résultats

Percentile par nombre de réponses

% des personnes avec chaque résultat

Votre développement - résultats

Vous n’avez pas pris ce quiz